00985nam a22002057a 4500003000400000005001700004008004100021040002900062082002300091111014700114245018800261260003100449300002800480490007300508504005100581650003300632650003400665650004500699700003500744OSt20150408113914.0110827t xxu||||| |||| 00| 0 eng d cدار أجنادين. 221a006.37 bA V C aAdvanced concepts for intelligent vision systems (International conference)c |c Sydney, Australiad(2010 : |c Sydney, Australia)e2010 Dec :) aAdvanced concepts for intelligent vision systems : b12th international conference, ACIVS 2010 Sydney, Australia, December, 2010, proceedings /cJacques Blanc-Talon ... [et al.], eds. aBerlin :bSpringer,c2010. a2 v. : bill. ;c24 cm. aLecture notes in computer science, 0302-9743 v0302-9743 x6474-6475 aIncludes bibliographical references and index. aComputer visionxCongresses. aImage processingxCongresses. aOptical pattern recognitionxCongresses. aBlanc-Talon, Jacques, -d 1962